| 000 | 00656cam a2200205 a 4500 | ||
|---|---|---|---|
| 001 | 000001298 | ||
| 005 | 20200929145532.0 | ||
| 008 | 760730s1976 xxu 001 0aeng | ||
| 020 | _a0394408535 | ||
| 040 |
_aDO-SdBNP _sspa _cBNPHU |
||
| 082 |
_a364.1320973 _bD229c |
||
| 100 | 1 |
_aDash, Samuel, _d1925- _94392 |
|
| 245 | 1 | 0 |
_aChief counsel : _binside the Ervin Committee the untold story of Watergate / _cSamuel Dash. |
| 260 |
_aNew York : _bRandom House, _c1976. |
||
| 300 |
_axii, 275 p. ; _c25 cm. |
||
| 500 | _aIncluye índice. | ||
| 650 | 4 |
_aDelitos contra el estado _94393 |
|
| 610 | 1 | 0 |
_aESTADOS UNIDOS _bCONGRESO. _94394 |
| 600 | 1 | 0 |
_aDash, Samuel. _94395 |
| 999 |
_c1237 _d1237 |
||